000 00493nam a2200181Ia 4500
005 20250923144333.0
008 008 250917s9999 xx 000 0 eng d
037 _aTextual
040 _aDSWL
_beng
_cDSWL
041 _aeng
_2eng
084 _aY112:45:5, H6
_qDSWL
100 _aPorterfield, A.L
_9823811
245 0 _aYouth in trouble
_cby A.L Porterfield
260 _c1946
300 _a132 p.
942 _cTEXL
_hY112:45:5, H6
999 _c1437607
_d1437607